Clinical Pharmacology for the Dentist (Record no. 18128)

MARC details
000 -LEADER
fixed length control field 00364nam a22001457a 4500
003 - CONTROL NUMBER IDENTIFIER
control field SGT
020 ## - INTERNATIONAL STANDARD BOOK NUMBER
International Standard Book Number 9780323417501
082 ## - DEWEY DECIMAL CLASSIFICATION NUMBER
Classification number 615.321
Item number C16H
100 ## - MAIN ENTRY--PERSONAL NAME
Personal name Harry Dym
245 ## - TITLE STATEMENT
Title Clinical Pharmacology for the Dentist
260 ## - PUBLICATION, DISTRIBUTION, ETC. (IMPRINT)
Place of publication, distribution, etc Philadelphia, United States
Name of publisher, distributor, etc Health Sciences Division
Year of Publication 2016
300 ## - PAGE DESCRIPTION
No. of Pages 287-549
650 ## - SUBJECT ADDED ENTRY--TOPICAL TERM
Topical term or geographic name as entry element Pharmacology
942 ## - ADDED ENTRY ELEMENTS (KOHA)
Source of classification or shelving scheme Dewey Decimal Classification
Koha item type Books
Holdings
Withdrawn status Lost status Source of classification or shelving scheme Damaged status Not for loan Home library Current library Shelving location Date acquired Vendor Name Volume Information (Serial or Books or Non-Book Material) SGTU Total Checkouts Full call number Accession No. (Barcode) Date last seen Bill Date Koha item type
    Dewey Decimal Classification     SGT Dental Library SGT Dental Library Reference Book 31/05/2019 Innovative Subscription services 60.2 SGTU   615.321 C16H FD8056 31/05/2019 31/05/2019 Books